[Event "Olympiad Women-44"]
[Site "Chennai"]
[Date "2022.08.08"]
[Round "10.3"]
[White "Argote Heredia, Valentina"]
[Black "Phan, Nguyen Mai Chi"]
[Result "1-0"]
[WhiteElo "2205"]
[BlackElo "2139"]
[PlyCount "101"]
[EventDate "2022.07.29"]
[EventType "team-swiss"]
[EventRounds "11"]
[EventCountry "IND"]
[SourceTitle "CBM 210"]
[Source "ChessBase"]
[SourceDate "2022.10.31"]
[SourceVersion "1"]
[SourceVersionDate "2022.10.31"]
[SourceQuality "1"]
[WhiteTeam "Colombia (W)"]
[BlackTeam "Australia (W)"]
[WhiteTeamCountry "COL"]
[BlackTeamCountry "AUS"]

1. e4 c5 2. Nf3 d6 3. d4 cxd4 4. Nxd4 Nf6 5. Nc3 a6 6. f3 e5 7. Nb3 Be7 8. Be3 Be6 9. Qd2 Nbd7 10. g4 b5 11. a4 b4 12. Nd5 Bxd5 13. exd5 0-0 14. 0-0-0 Nb6 15. Bxb6 Qxb6 16. h4 Rfc8 17. Kb1 Nd7 18. g5 Nc5 19. Nxc5 Rxc5 20. b3 a5 21. Bd3 Rf8 22. Bf5 Rc3 23. Qg2 Qe3 24. Bd3 Qf4 25. Qh3 Rc7 26. Bf5 g6 27. Be4 h5 28. Rhe1 Bd8 29. Bd3 Rc3 30. Qd7 Qxh4 31. Qxd6 Rxd3 32. cxd3 Bxg5 33. Qc6 Bf6 34. d6 Kg7 35. Qe4 Qf2 36. Rc1 Qb6 37. Rc6 Qf2 38. d7 Qh4 39. Qxh4 Bxh4 40. Rc8 Bf6 41. Rxe5 Rd8 42. Rxd8 Bxd8 43. Re8 Bf6 44. d8Q Bxd8 45. Rxd8 g5 46. Kc1 h4 47. Kd2 h3 48. Re8 f5 49. d4 g4 50. fxg4 fxg4 51. Re4 1-0

[Event "Adelaide Lidums op"]
[Site "Adelaide"]
[Date "2018.12.10"]
[Round "1"]
[White "Karayiannis, Riley"]
[Black "Phan, Nguyen Mai Chi"]
[Result "0-1"]
[WhiteElo "1616"]
[BlackElo "2115"]
[PlyCount "66"]
[EventDate "2018.12.10"]
[EventType "swiss"]
[EventRounds "9"]
[EventCountry "AUS"]
[SourceTitle "EXT 2020"]
[Source "ChessBase"]
[SourceDate "2019.10.17"]
[SourceVersion "1"]
[SourceVersionDate "2019.10.17"]
[SourceQuality "1"]

1. d4 d5 2. Nc3 Nf6 3. Bg5 Bf5 4. Bxf6 exf6 5. e3 c6 6. Bd3 Qd7 7. Nf3 Bd6 8. h3 h5 9. Bxf5 Qxf5 10. Qd3 Qxd3 11. cxd3 Nd7 12. Kd2 a5 13. Nh4 g6 14. g3 0-0-0 15. e4 Nb6 16. f4 dxe4 17. dxe4 Bc5 18. Nf3 Bxd4 19. Nxd4 Rxd4+ 20. Kc2 Nc4 21. Rh2 Rhd8 22. b3 Ne3+ 23. Kb2 Rd2+ 24. Rxd2 Rxd2+ 25. Kb1 Rg2 26. a4 Rxg3 27. h4 Rh3 28. Ra2 Rh1+ 29. Kb2 Rxh4 30. e5 Rxf4 31. exf6 Rxf6 32. Ra1 Rf2+ 33. Kb1 f5 0-1

[Event "AUS-ch Major"]
[Site "Cammeray"]
[Date "2018.01.08"]
[Round "7"]
[White "Phan, Nguyen Mai Chi"]
[Black "Shi, Eric"]
[Result "1-0"]
[WhiteElo "2122"]
[BlackElo "1943"]
[PlyCount "81"]
[EventDate "2018.01.02"]
[EventType "swiss"]
[EventRounds "11"]
[EventCountry "AUS"]
[SourceTitle "CBM 182 Extra"]
[Source "ChessBase"]
[SourceDate "2018.02.23"]
[SourceVersion "1"]
[SourceVersionDate "2018.02.23"]
[SourceQuality "1"]

1. d4 e6 2. Nf3 f5 3. g3 Nf6 4. Bg2 Be7 5. c4 0-0 6. Nc3 d6 7. 0-0 Ne4 8. Qc2 Nxc3 9. bxc3 Nc6 10. e4 e5 11. Rd1 Qe8 12. c5 Qg6 13. cxd6 cxd6 14. exf5 Rxf5 15. Be3 Qh5 16. Qe4 Rf7 17. dxe5 dxe5 18. Rd5 Bf5 19. Qa4 Be6 20. Nd2 a6 21. Rb1 Bg5 22. Bxg5 Qxg5 23. Ne4 Qg6 24. Rd6 Qf5 25. Rbd1 Raf8 26. Rxe6 Qxe6 27. Ng5 Qg6 28. Nxf7 Kxf7 29. Qb3+ Ke8 30. Qxb7 Ne7 31. Qd7+ Kf7 32. Bd5+ Kf6 33. Qe6+ Kg5 34. Qxe7+ Rf6 35. Qxe5+ Rf5 36. Qe3+ Kf6 37. Be4 Qh5 38. Qb6+ Ke5 39. Qd6+ Kxe4 40. Qd4+ Kf3 41. Rd3+ 1-0

[Event "Ho Chi Minh City HD Bank op 7th"]
[Site "Ho Chi Minh City"]
[Date "2017.03.14"]
[Round "5"]
[White "Phan, Nguyen Mai Chi"]
[Black "Chan, Kim Yew"]
[Result "1-0"]
[WhiteElo "2115"]
[BlackElo "2176"]
[PlyCount "83"]
[EventDate "2017.03.12"]
[EventType "swiss"]
[EventRounds "9"]
[EventCountry "VIE"]
[SourceTitle "CBM 177 Extra"]
[Source "ChessBase"]
[SourceDate "2017.04.27"]
[SourceVersion "1"]
[SourceVersionDate "2017.04.27"]
[SourceQuality "1"]

1. d4 Nf6 2. Nf3 e6 3. Bf4 c5 4. e3 Nc6 5. c4 cxd4 6. exd4 d5 7. Nc3 Be7 8. Be2 0-0 9. 0-0 dxc4 10. Bxc4 Nb4 11. Rc1 Nbd5 12. Be5 b6 13. Qe2 Bb7 14. Ba6 Bxa6 15. Qxa6 Qc8 16. Qe2 Nxc3 17. bxc3 Qb7 18. c4 Rac8 19. Rc3 Rc6 20. Nd2 Nd7 21. Rg3 Nxe5 22. Qxe5 g6 23. Rh3 Qc7 24. Qe3 f5 25. d5 exd5 26. cxd5 Rd6 27. Nc4 Rdf6 28. Qb3 Bd6 29. Re1 Rc8 30. Nxd6 Rxd6 31. Rhe3 Qf7 32. Re5 Rcd8 33. h3 Kf8 34. Qb4 a5 35. Qh4 R6d7 36. Re6 Kg8 37. Re7 g5 38. Qxg5+ Qg6 39. Qf4 Rxd5 40. R1e6 Rd1+ 41. Kh2 Qh5 42. Qg3+ 1-0

[Event "Ho Chi Minh City HD Bank op 7th"]
[Site "Ho Chi Minh City"]
[Date "2017.03.12"]
[Round "1"]
[White "Hoang, Canh Huan"]
[Black "Phan, Nguyen Mai Chi"]
[Result "1-0"]
[WhiteElo "2405"]
[BlackElo "2115"]
[PlyCount "45"]
[EventDate "2017.03.12"]
[EventType "swiss"]
[EventRounds "9"]
[EventCountry "VIE"]
[SourceTitle "CBM 177 Extra"]
[Source "ChessBase"]
[SourceDate "2017.04.27"]
[SourceVersion "1"]
[SourceVersionDate "2017.04.27"]
[SourceQuality "1"]

1. e4 c5 2. c3 e6 3. d4 b6 4. Nf3 Bb7 5. Bd3 d6 6. 0-0 Nf6 7. Qe2 Be7 8. Rd1 cxd4 9. cxd4 Nbd7 10. Nc3 a6 11. e5 Ng8 12. d5 Nc5 13. dxe6 fxe6 14. exd6 Bxd6 15. Be4 Qe7 16. Bxb7 Nxb7 17. Qe4 0-0-0 18. Be3 Bc7 19. Rxd8+ Bxd8 20. Qc4+ Kb8 21. Qxa6 Qb4 22. Nb5 Qa5 23. Bf4+ 1-0

[Event "ASEAN-ch U20 Girls 13th"]
[Site "Hue"]
[Date "2012.06.14"]
[Round "4"]
[White "Fronda Pascua, Jan Jodilyn"]
[Black "Phan, Nguyen Mai Chi"]
[Result "1-0"]
[WhiteElo "2022"]
[BlackElo "2121"]
[PlyCount "94"]
[EventDate "2012.06.11"]
[EventType "swiss"]
[EventRounds "9"]
[EventCountry "VIE"]
[SourceTitle "CBM 149 Extra"]
[Source "ChessBase"]
[SourceDate "2012.08.24"]
[SourceVersion "1"]
[SourceVersionDate "2012.08.24"]
[SourceQuality "1"]

1. e4 c5 2. Nf3 d6 3. d4 cxd4 4. Qxd4 a6 5. c4 Nf6 6. Nc3 e6 7. Be2 Be7 8. 0-0 0-0 9. Bg5 Nbd7 10. Rad1 Qc7 11. Ne1 b6 12. Kh1 Bb7 13. Nc2 Rfd8 14. Ne3 Nc5 15. f3 e5 16. Qd2 Nfxe4 17. fxe4 Bxg5 18. Ned5 Bxd2 19. Nxc7 Rac8 20. N7d5 Bxc3 21. Ne7+ Kf8 22. Nxc8 Bxc8 23. bxc3 Nxe4 24. Bd3 Nxc3 25. Rd2 h6 26. Rb2 Na4 27. Rb4 Nc5 28. Be2 Be6 29. Rxb6 Ke7 30. Rd1 f5 31. Kg1 g5 32. Rc6 e4 33. Kf2 f4 34. h3 Bf5 35. Rd5 Be6 36. Rd4 e3+ 37. Kg1 Bf5 38. Bg4 Bxg4 39. hxg4 Rb8 40. Rcxd6 Rb1+ 41. Rd1 Rxd1+ 42. Rxd1 Ne4 43. Kf1 Ke6 44. Ke1 Nc3 45. Rd8 Nxa2 46. c5 Nb4 47. Ke2 a5 1-0

[Event "ASEAN-ch U20 Girls 13th"]
[Site "Hue"]
[Date "2012.06.12"]
[Round "2"]
[White "Chan, Wei Yi Victoria"]
[Black "Phan, Nguyen Mai Chi"]
[Result "1/2-1/2"]
[WhiteElo "1947"]
[BlackElo "2121"]
[PlyCount "105"]
[EventDate "2012.06.11"]
[EventType "swiss"]
[EventRounds "9"]
[EventCountry "VIE"]
[SourceTitle "CBM 149 Extra"]
[Source "ChessBase"]
[SourceDate "2012.08.24"]
[SourceVersion "1"]
[SourceVersionDate "2012.08.24"]
[SourceQuality "1"]

1. d4 Nf6 2. c4 e6 3. Nc3 Bb4 4. e3 Bxc3+ 5. bxc3 c5 6. Nf3 d6 7. Bd3 Nc6 8. 0-0 0-0 9. e4 e5 10. d5 Ne7 11. Ne1 Ng6 12. g3 Re8 13. Qc2 Bh3 14. Ng2 Qe7 15. Bd2 h6 16. Rfe1 Qd7 17. Qd1 Re7 18. Rb1 Rae8 19. Bc2 Qc8 20. Qe2 Nf8 21. f3 h5 22. Ba4 Bd7 23. Bxd7 Qxd7 24. Ne3 g6 25. Nd1 N8h7 26. Nf2 Kh8 27. Rb5 Qc8 28. Qd3 Rg8 29. Kf1 Rf8 30. Ke2 Ng8 31. Kd1 f5 32. Kc2 Ngf6 33. Bh6 Rff7 34. Bd2 fxe4 35. Nxe4 Nxe4 36. Rxe4 Kg7 37. Rb1 Qd7 38. Rb2 Qh3 39. Re2 Qf1 40. f4 b6 41. Rb1 Qh3 42. Rbe1 e4 43. Rxe4 Rxe4 44. Rxe4 Qxh2 45. Re6 Rf6 46. Re7+ Rf7 47. Re6 Rf6 48. Re7+ Rf7 49. Rxf7+ Kxf7 50. Qe3 Qh3 51. Qf3 Nf6 52. Qe3 Qf5+ 53. Kc1 1/2-1/2

[Event "ASEAN-ch U20 Girls 13th"]
[Site "Hue"]
[Date "2012.06.11"]
[Round "1"]
[White "Phan, Nguyen Mai Chi"]
[Black "Qibtiyah, Meriatul"]
[Result "1-0"]
[WhiteElo "2121"]
[BlackElo "1896"]
[PlyCount "85"]
[EventDate "2012.06.11"]
[EventType "swiss"]
[EventRounds "9"]
[EventCountry "VIE"]
[SourceTitle "CBM 149 Extra"]
[Source "ChessBase"]
[SourceDate "2012.08.24"]
[SourceVersion "1"]
[SourceVersionDate "2012.08.24"]
[SourceQuality "1"]

1. d4 d5 2. c4 Nf6 3. Nf3 e6 4. Nc3 Be7 5. Bf4 c6 6. e3 Nbd7 7. Qc2 dxc4 8. Bxc4 Nd5 9. Bg3 h6 10. 0-0 0-0 11. Rfd1 Nb4 12. Qd2 b5 13. Be2 Bb7 14. e4 Nf6 15. a3 Na6 16. Ne5 Qb6 17. Qe3 Rad8 18. b4 Nb8 19. Bf4 Kh7 20. Na4 Qa6 21. Nc5 Qb6 22. Bd3 Nh5 23. Nf3 Nxf4 24. Qxf4 Nd7 25. h4 Kg8 26. e5 Rfe8 27. h5 Nf8 28. Bc2 Bxc5 29. dxc5 Qc7 30. Rd6 Qe7 31. Rad1 f6 32. exf6 gxf6 33. Qxh6 Rxd6 34. Rxd6 Rd8 35. Bb3 Kf7 36. Qf4 Ke8 37. h6 e5 38. Qf5 Rxd6 39. cxd6 Qh7 40. Qxf6 Nd7 41. Qe6+ Kd8 42. Nxe5 Nxe5 43. Qxe5 1-0

[Event "VIE-ch (Women)"]
[Site "Da Lat"]
[Date "2011.03.26"]
[Round "9"]
[White "Ton, Nu Hong An"]
[Black "Phan, Nguyen Mai Chi"]
[Result "0-1"]
[WhiteElo "2014"]
[BlackElo "2150"]
[PlyCount "86"]
[EventDate "2011.03.20"]
[EventType "swiss"]
[EventRounds "11"]
[EventCountry "VIE"]
[SourceTitle "CBM 141 Extra"]
[Source "ChessBase"]
[SourceDate "2011.05.03"]
[SourceVersion "1"]
[SourceVersionDate "2011.05.03"]
[SourceQuality "1"]

1. e4 c5 2. Nf3 d6 3. c3 Nf6 4. Be2 e6 5. 0-0 Be7 6. Re1 0-0 7. d3 Nc6 8. Bf4 b6 9. Nbd2 Bb7 10. Rc1 Rc8 11. h3 b5 12. a3 a5 13. d4 cxd4 14. cxd4 b4 15. a4 d5 16. e5 Nd7 17. Bb5 Qb6 18. Be3 Ba6 19. Bxa6 Qxa6 20. Nf1 Rc7 21. b3 Rfc8 22. Re2 Ncb8 23. Rec2 Rxc2 24. Rxc2 f6 25. Bf4 Rxc2 26. Qxc2 Nc6 27. Ne3 Qb6 28. Qd3 fxe5 29. dxe5 Nc5 30. Qd1 Qd8 31. Nd2 Qf8 32. Bg3 Qf7 33. f4 Qg6 34. Ndf1 Qd3 35. Qh5 g6 36. Qg4 h5 37. Qf3 Nd4 38. Qf2 Qe2 39. Nd2 Nd3 40. Qxe2 Nxe2+ 41. Kh2 h4 42. Nef1 hxg3+ 43. Nxg3 Ndxf4 0-1

[Event "VIE-ch (Women)"]
[Site "Da Lat"]
[Date "2011.03.25"]
[Round "8"]
[White "Nguyen, Thi Thanh An"]
[Black "Phan, Nguyen Mai Chi"]
[Result "1-0"]
[WhiteElo "2349"]
[BlackElo "2150"]
[PlyCount "137"]
[EventDate "2011.03.20"]
[EventType "swiss"]
[EventRounds "11"]
[EventCountry "VIE"]
[SourceTitle "CBM 141 Extra"]
[Source "ChessBase"]
[SourceDate "2011.05.03"]
[SourceVersion "1"]
[SourceVersionDate "2011.05.03"]
[SourceQuality "1"]

1. d4 Nf6 2. c4 c6 3. Nf3 d5 4. e3 e6 5. Bd3 Be7 6. 0-0 0-0 7. b3 Nbd7 8. Bb2 b6 9. Nbd2 c5 10. Qe2 cxd4 11. exd4 Bb7 12. Ne5 Rc8 13. Rad1 Re8 14. Qe3 g6 15. Rfe1 Bf8 16. Ndf3 Qe7 17. Ng5 dxc4 18. bxc4 Nxe5 19. dxe5 Nd7 20. Qf4 Bh6 21. h4 Rc7 22. Bf1 Rec8 23. Re3 Ba6 24. Ba3 Nc5 25. Rg3 Bxg5 26. hxg5 Bb7 27. Rh3 Qf8 28. Rd4 Qg7 29. Qd2 Bc6 30. Rd8+ Be8 31. Qd6 Qf8 32. Rxc8 Rxc8 33. Qxf8+ Kxf8 34. Rxh7 Rd8 35. Rh3 Rd1 36. Bxc5+ bxc5 37. Ra3 Bc6 38. f3 Re1 39. Rxa7 Rxe5 40. Rc7 Ba4 41. f4 Re1 42. Rxc5 Ra1 43. Ra5 Rxa2 44. c5 Bb3 45. Rxa2 Bxa2 46. Bb5 Ke7 47. Kf2 Bd5 48. g3 e5 49. Ke3 exf4+ 50. gxf4 Ke6 51. Kd4 Bf3 52. Bc4+ Ke7 53. Ke5 Bc6 54. Bd5 Bb5 55. Bb7 Kd7 56. Kf6 Bc4 57. Be4 Bb3 58. Ke5 Ba4 59. Bb7 Bb5 60. Bd5 Ke7 61. Kd4 Bf1 62. Kc3 f6 63. Kd4 Bh3 64. Be4 fxg5 65. fxg5 Kf7 66. Ke5 Bg4 67. Kd6 Bh3 68. Bd5+ Ke8 69. c6 1-0

[Event "VIE-ch (Women)"]
[Site "Da Lat"]
[Date "2011.03.21"]
[Round "2"]
[White "Phan, Nguyen Mai Chi"]
[Black "Pham, Le Thao Nguyen"]
[Result "0-1"]
[WhiteElo "2150"]
[BlackElo "2349"]
[PlyCount "118"]
[EventDate "2011.03.20"]
[EventType "swiss"]
[EventRounds "11"]
[EventCountry "VIE"]
[SourceTitle "CBM 141 Extra"]
[Source "ChessBase"]
[SourceDate "2011.05.03"]
[SourceVersion "1"]
[SourceVersionDate "2011.05.03"]
[SourceQuality "1"]

1. d4 d5 2. c4 c6 3. Nf3 Nf6 4. Nc3 dxc4 5. a4 Bf5 6. Ne5 Na6 7. f3 Nd7 8. Nxc4 e5 9. e4 exd4 10. Qxd4 Nb4 11. Qd1 Be6 12. Be2 Bc5 13. Bf4 0-0 14. Qd2 a5 15. g4 Qe7 16. Bg5 f6 17. Bf4 Rfd8 18. Bd6 Qf7 19. Rd1 Nb6 20. Qc1 Bxd6 21. Nxd6 Qe7 22. Qf4 Qc7 23. Qg3 Nc2+ 24. Kf2 Nd7 25. Nc4 Ne5 26. Rc1 Nb4 27. Nxe5 fxe5 28. Rhd1 Bb3 29. Rxd8+ Rxd8 30. Kf1 Qd6 31. Nb1 Qd4 32. f4 Qxb2 33. Qc3 Qxc3 34. Rxc3 Bxa4 35. fxe5 Kf8 36. Na3 b5 37. g5 Rd4 38. Rf3+ Ke7 39. Rh3 Bd1 40. Rxh7 Bxe2+ 41. Kxe2 Kf7 42. e6+ Kg6 43. Rh4 Rd6 44. Rg4 Rxe6 45. h4 Kh5 46. Kf3 Nd3 47. Kg3 Re5 48. Nc2 Rc5 49. Ne3 Ne5 50. Rf4 Rc3 51. Rf5 Nc4 52. Kf4 Nxe3 53. Rf7 Ng2+ 54. Ke5 Kg6 55. Ra7 Nxh4 56. Kd6 Nf3 57. Rxa5 Nxg5 58. e5 Nf7+ 59. Ke6 Rc5 0-1

[Event "Wch U16 Girls"]
[Site "Porto Carras"]
[Date "2010.10.24"]
[Round "6"]
[White "Phan, Nguyen Mai Chi"]
[Black "Nguyen Thi Mai, Hung"]
[Result "1/2-1/2"]
[WhiteElo "2106"]
[BlackElo "2258"]
[PlyCount "103"]
[EventDate "2010.10.20"]
[EventType "swiss"]
[EventRounds "11"]
[EventCountry "GRE"]
[SourceTitle "EXT 2011"]
[Source "ChessBase"]
[SourceDate "2010.11.26"]
[SourceVersion "1"]
[SourceVersionDate "2010.11.26"]
[SourceQuality "1"]

1. d4 Nf6 2. c4 e6 3. Nf3 b6 4. g3 Bb7 5. Bg2 c5 6. d5 exd5 7. Nh4 Qc8 8. cxd5 d6 9. Nc3 Be7 10. 0-0 0-0 11. e4 Re8 12. f4 Nbd7 13. h3 a6 14. a4 Bf8 15. Re1 c4 16. Qd4 b5 17. axb5 axb5 18. Rxa8 Bxa8 19. Nxb5 Bxd5 20. Kf1 Qb7 21. Nc3 Bc6 22. Nd5 Bxd5 23. exd5 Rxe1+ 24. Kxe1 Qb3 25. Qe3 Qb4+ 26. Qd2 Qb3 27. Nf5 Nc5 28. Qc3 Qxc3+ 29. bxc3 Nfe4 30. Bxe4 Nxe4 31. g4 Nxc3 32. Ne3 Be7 33. Bb2 Nb5 34. Nxc4 g6 35. Ke2 Kf8 36. Kd3 Ke8 37. Ne3 Kd7 38. Kc4 Nc7 39. Bd4 Ne8 40. g5 f6 41. h4 Bd8 42. Ng4 fxg5 43. hxg5 Ba5 44. Kd3 Bb4 45. Ke4 Bd2 46. Kf3 Ke7 47. Nf2 Bb4 48. Ne4 Kf7 49. Kg4 Nc7 50. Bc3 Nxd5 51. Bxb4 Nxb4 52. Nxd6+ 1/2-1/2

[Event "Asian-ch U16 Girls"]
[Site "Beijing"]
[Date "2010.07.10"]
[Round "3.2"]
[White "Phan, Nguyen Mai Chi"]
[Black "Gagare, Shalmali"]
[Result "0-1"]
[WhiteElo "2103"]
[BlackElo "2119"]
[PlyCount "54"]
[EventDate "2010.07.09"]
[EventType "swiss"]
[EventRounds "9"]
[EventCountry "CHN"]
[SourceTitle "EXT 2024"]
[Source "ChessBase"]
[SourceDate "2023.10.10"]
[SourceVersion "1"]
[SourceVersionDate "2023.10.10"]
[SourceQuality "1"]

1. d4 d5 2. c4 c6 3. Nf3 Nf6 4. Nc3 a6 5. e3 Bf5 6. Be2 e6 7. 0-0 Bd6 8. c5 Bc7 9. b4 Nbd7 10. a4 0-0 11. Bb2 e5 12. b5 a5 13. Nb1 Re8 14. Nbd2 e4 15. Nh4 Be6 16. b6 Bb8 17. g3 Bh3 18. Re1 Re6 19. Bc3 h5 20. Ng2 Ng4 21. Nb3 g5 22. Nxa5 Qf6 23. f3 exf3 24. Bxf3 Nxc5 25. dxc5 Qxc3 26. Nxb7 Nxe3 27. a5 Nxd1 0-1

[Event "Wch U14 Girls"]
[Site "Vung Tau"]
[Date "2008.10.26"]
[Round "7"]
[White "Nguyen, Thao Han"]
[Black "Phan, Nguyen Mai Chi"]
[Result "1/2-1/2"]
[WhiteElo "1925"]
[BlackElo "2079"]
[PlyCount "46"]
[EventDate "2008.10.20"]
[EventType "swiss"]
[EventRounds "11"]
[EventCountry "VIE"]
[SourceTitle "EXT 2009"]
[Source "ChessBase"]
[SourceDate "2008.11.26"]
[SourceVersion "1"]
[SourceVersionDate "2008.11.26"]
[SourceQuality "1"]

1. c4 Nf6 2. Nc3 c5 3. g3 Nc6 4. Bg2 b6 5. Nf3 Bb7 6. 0-0 g6 7. b3 Bg7 8. Bb2 0-0 9. e3 d5 10. cxd5 Nxd5 11. d4 Nxc3 12. Bxc3 Rc8 13. Rc1 Ba6 14. Re1 cxd4 15. exd4 e6 16. Qd2 Re8 17. Qf4 Re7 18. Ne5 Nxe5 19. dxe5 Rec7 20. Bb2 Bf8 21. h4 Rc2 22. Rcd1 Qe7 23. Rb1 Qb4 1/2-1/2

[Event "Wch U14 Girls"]
[Site "Vung Tau"]
[Date "2008.10.23"]
[Round "5"]
[White "Phan, Nguyen Mai Chi"]
[Black "Dizdarevic, Barbara"]
[Result "1-0"]
[WhiteElo "2079"]
[BlackElo "1877"]
[PlyCount "89"]
[EventDate "2008.10.20"]
[EventType "swiss"]
[EventRounds "11"]
[EventCountry "VIE"]
[SourceTitle "EXT 2009"]
[Source "ChessBase"]
[SourceDate "2008.11.26"]
[SourceVersion "1"]
[SourceVersionDate "2008.11.26"]
[SourceQuality "1"]

1. d4 c5 2. dxc5 e6 3. Nf3 Bxc5 4. c4 Nf6 5. e3 0-0 6. Nc3 Nc6 7. Be2 b6 8. 0-0 Bb7 9. a3 a5 10. Na4 Be7 11. Qb3 Rb8 12. Qxb6 Qxb6 13. Nxb6 Ba6 14. Na4 d5 15. Bd2 dxc4 16. Rfc1 Bb5 17. Nc3 Na7 18. Nxb5 Rxb5 19. Bxc4 Rxb2 20. Bxa5 Ne4 21. Be1 Ra8 22. a4 Nc8 23. a5 Bf6 24. Rab1 Ncd6 25. Bf1 g6 26. Rxb2 Bxb2 27. Rc2 Bf6 28. a6 Bd8 29. Ne5 Ne8 30. g3 N4d6 31. Kg2 Nc7 32. Nc6 Bf6 33. Ne7+ Bxe7 34. Rxc7 Bf8 35. Be2 Ne8 36. Rb7 Nd6 37. Rd7 Ne8 38. Bc3 Bc5 39. Be5 f6 40. Bc3 Kf8 41. Bc4 Be7 42. a7 Nd6 43. Bxe6 Ke8 44. Bd5 Rc8 45. Rxe7+ 1-0

[Event "VIE-chT (Women)"]
[Site "Hue"]
[Date "2008.08.21"]
[Round "9"]
[White "Vo, Thi Kim Phung"]
[Black "Phan, Nguyen Mai Chi"]
[Result "0-1"]
[WhiteElo "2052"]
[BlackElo "2079"]
[PlyCount "114"]
[EventDate "2008.08.15"]
[EventType "team-swiss"]
[EventRounds "11"]
[EventCountry "VIE"]
[SourceTitle "EXT 2019"]
[Source "ChessBase"]
[SourceDate "2018.10.10"]
[SourceVersion "1"]
[SourceVersionDate "2018.10.10"]
[SourceQuality "1"]

1. Nf3 Nf6 2. d4 e6 3. e3 b6 4. Bd3 Bb7 5. 0-0 Be7 6. b3 0-0 7. Qe2 Ne4 8. Bb2 c5 9. Nbd2 Nxd2 10. Nxd2 cxd4 11. Bxd4 Bf6 12. Qh5 g6 13. Bxf6 Qxf6 14. Qh6 d5 15. e4 Nd7 16. exd5 Bxd5 17. c4 Bc6 18. Be4 Ne5 19. Bxc6 Nxc6 20. Ne4 Qe5 21. Rfe1 Rfd8 22. Qh4 Qg7 23. Rad1 h5 24. Nf6+ Kh8 25. h3 Qh6 26. Qe4 Kg7 27. Qxc6 Kxf6 28. Qb7 Qf8 29. Rxd8 Rxd8 30. Qxa7 Qb4 31. Rf1 Rd2 32. Qa8 Qa5 33. Qf3+ Kg7 34. a3 Ra2 35. a4 Rc2 36. Rb1 Qb4 37. Qe3 Rxc4 38. bxc4 Qxb1+ 39. Kh2 Qb4 40. Qe5+ Kf8 41. Qb8+ Ke7 42. Qc7+ Ke8 43. Qb8+ Ke7 44. Qb7+ Ke8 45. Qa8+ Ke7 46. Qb7+ Ke8 47. Qc6+ Ke7 48. g3 Qc5 49. Qxc5+ bxc5 50. Kg2 Kd6 51. Kf3 Kc6 52. Ke4 f6 53. f3 Kb6 54. g4 hxg4 55. hxg4 g5 56. f4 gxf4 57. Kxf4 Ka5 0-1

[Event "VIE-chT (Women)"]
[Site "Hue"]
[Date "2008.08.19"]
[Round "7"]
[White "Hoang, Thi Nhu Y"]
[Black "Phan, Nguyen Mai Chi"]
[Result "1/2-1/2"]
[WhiteElo "2103"]
[BlackElo "2079"]
[PlyCount "69"]
[EventDate "2008.08.15"]
[EventType "team-swiss"]
[EventRounds "11"]
[EventCountry "VIE"]
[SourceTitle "EXT 2019"]
[Source "ChessBase"]
[SourceDate "2018.10.10"]
[SourceVersion "1"]
[SourceVersionDate "2018.10.10"]
[SourceQuality "1"]

1. d4 Nf6 2. Nf3 e6 3. e3 b6 4. Bd3 Be7 5. e4 d6 6. e5 dxe5 7. dxe5 Nfd7 8. Qe2 Nc5 9. Bc4 0-0 10. 0-0 Ba6 11. Nc3 Qc8 12. b4 Bxc4 13. Qxc4 Ncd7 14. Qg4 Re8 15. Bh6 Bf8 16. Ne4 Nc6 17. Nf6+ Nxf6 18. exf6 e5 19. Qg5 Nd8 20. Bxg7 Ne6 21. Qh5 Nxg7 22. fxg7 Bxg7 23. Rad1 Qe6 24. Ng5 Qg6 25. Qxg6 hxg6 26. Rd7 f6 27. Nf3 Red8 28. Rfd1 Rxd7 29. Rxd7 a5 30. bxa5 Rxa5 31. Rxc7 Rxa2 32. Kf1 b5 33. Ke2 b4 34. Nd2 f5 35. f3 1/2-1/2